00463cam a2200169ua 45000010005000000080039000050400009000440410008000530820013000611000038000742450083001122500009001952600035002043000017002396530019002566530018002752780150216n ii |||gr||||Z||||||asm cMAIN aasm a891.4512 aRajbangshi, Paramananda,eAuthor. aAsomiya natak : bparampara aru paribartan / ced. by Paramananda Rajbangshi  a1st. aGuahati:bChandra prakash,995. a170p:c23cm. aAssamese drama aAsomiya natak